000 00723ntaaa2200217 4500
003 01
005 20251027203220.0
008 0714s1973 ag 01
020 _a9874352922
040 _aAR-BaBN
_bspa
_cAR-BaBN
_eaacr
_dRIC
082 _a922 L88p
100 _aLópez, Juan Bautista
_934131
245 _aPies hermosos :
_bvida del pastor Juan Bautista López /
_cJuan Bautista López, Samuel López
250 _a1 ed.
260 _aBuenos Aires :
_bel compilador,
_c2002
300 _a176 p.
500 _aSumario: relatos autobiográficos del autor, con la colaboración y agregados de su hijo, el pastor Samuel López.
650 _aLOPEZ, JUAN BAUTISTA
_934132
700 _aLópez, Samuel
_934133
942 _cBK
999 _c27588
_d27588